Sports Quiz

Random Sports Quiz
Score 0/9 Timer 10:00
0 Plays Today
Question Answer Wrong Answers
Lidt senere i December finder udtrækning af årets bedste indenfor en række ridediscipliner sted. Hvilken af disse ryttere er iblandt de nominerede i kategorien Årets kusk? Rene Kjær
60%
Peter Rudbeck
10%
Mads Hviid Nielsen
20%
Mammen Racings Frances Yoda kørte en vaskeægte dansk travsucces hjem, da den tog sejren i et forrygende V4 løb med den suveræne tid 1.15.0a/1640. Hvilken travbane dannede ramme for succeen? Charlottenlund travbane
50%
Åby travbane
20%
Skive Travbane
20%
Bent Olsen’s Queen Estoril galoperede sig i 2018 til en af årets helt store pengepræmier i Stockholm. Hvor meget lød den flotte førstepræmie på? 700.000 SEK
50%
400.000 SEK
30%
575.000 SEK
10%
Et af de skandinaviske landes spillemonopoler er i 2018 faldet, hvilket kommer til at få ikke ringe betydning for travsporten. Hvilket land er der tale om? Finland
40%
Sverige
40%
Norge
10%
Organisationen Dansk hestevæddeløb Aps fik i August en ny formand, der erstattede Peter Rolin. Hvem er den nye formand? Tidligere borgmester Claus Bondam
30%
Erhvervsmand Keld Gregersen
50%
Ham fra det der lastbil firma med den gotiske skrift
20%
Det var en sensationel nyhed, da en dansk hest tidligere i år blev udtaget til VM i New York. Hvad er navnet på den VM nominerede hest? Confidence
30%
Slide So Easy
40%
Commit Boom Bay
20%
En heldig dansker havde sat krydserne helt rigtigt, da han vandt astronomiske 409.118 kr. på 8 rigtige. Et ganske fornuftigt afkast på en kupon til blot 300 kr.! Hvilket løb indbragte det vindende odds? V5 travet i Leangen i Norge
30%
V86 løbet i Klampenborg
20%
Hoppeløbet i Ålborg
40%
En 5-årig hoppe har i 2018 gjort sig særdeles positivt bemærket med flere sejre til træner Ken Ecce samt en banerekord på Jægersro travbane. Hvad er hoppens navn? Beautiful Kiss
20%
Whatababe
30%
Commit Boom Bay
40%
En forrygende 4-årig hoppe hentede i 2018 for andet år i træk laurbærene Ved Fair Finans Jysk hoppe grandprix: Hvad er navnet på den utrolige hoppe? Commit Boom Bay
20%
Queen Latifa
40%
Cinderella
30%
Remove Ads.
Support Sporcle.
Get the best of Sporcle when you Go Orange. This ad-free experience offers more features, more stats, and more fun while also helping to support Sporcle. Thank you for becoming a member.

You're not logged in!

Compare scores with friends on all Sporcle quizzes.
OR
Log In

Show Comments

Extras

Created Dec 19, 2018SourceReportNominate

Top Quizzes Today


Score Distribution

Your Account Isn't Verified!

In order to create a playlist on Sporcle, you need to verify the email address you used during registration. Go to your Sporcle Settings to finish the process.

Report this User

Report this user for behavior that violates our Community Guidelines.

Details: